000 01215nab a22002657a 4500
999 _c5360
_d5360
003 OSt
005 20250225211311.0
008 190603e xxum|||| |||| 00| 0 spa d
040 _cPJ-TDF
100 _94780
_aLafferriére, Jorge Nicolás
245 1 0 _aPrevención del suicidio :
_bmarco normativo nacional y provincial /
_cJorge Nicolás Lafferriere.
260 _cCiudad Autónoma de Buenos Aires :
_aThomson Reuters La Ley,
_b2024.
300 _ap. 27-35
500 _aCita: TR LALEY AR/DOC/2343/2024.
505 _aSumario: I. Introducción.— II. La ley 26.657 de Salud Mental.— III. La ley 27.130 de Prevención del Suicidio.— IV. Adhesiones provinciales a la ley 27.130.— V. Balance conclusivo.
505 _t¿Te interesa el texto completo? Solicitalo al correo: koha@justierradelfuego.gov.ar
650 0 _91253
_aDERECHO A LA SALUD
650 0 _91272
_aSALUD MENTAL
650 0 _94514
_aSALUD PUBLICA
650 0 _95365
_aASISTENCIA MÉDICA
650 0 _92925
_aSUICIDIO
650 0 _92930
_aPREVENCIÓN DEL SUICIDIO
773 0 _02713
_93170
_dCiudad Autónoma de Buenos Aires : Thomson Reuters La Ley, 2015-
_tRevista Código Civil y Comercial. Nº 6 - Diciembre 2024
942 _2udc
_cANA